Význam odborných informací pro užívatele /

Salvato in:
Dettagli Bibliografici
Autore principale: Wiesenberger, Ivan (Autore)
Natura: Libro
Lingua:ceco
Pubblicazione: Praha : Svoboda, 1976
Edizione:1.vyd.
Soggetti:
Tags: Aggiungi Tag
Nessun Tag, puoi essere il primo ad aggiungerne!!

MARC

LEADER 00000nam a22000003a 4500
001 stu44898
005 20150617225718.0
008 950711s1976----cs------------------cze-d
040 |a STU  |b slo 
041 0 |a cze 
044 |a cs 
100 1 |a Wiesenberger, Ivan  |4 aut 
245 1 |a Význam odborných informací pro užívatele /  |c [aut.]Ivan Wiesenberger 
250 |a 1.vyd. 
260 |a Praha :  |b Svoboda,  |c 1976 
300 |a 296 s 
650 7 |a Informácie odborné  |2 stusub 
650 7 |a užívatelia  |2 stusub 
996 |b 284M034894  |c M*2181-1  |l MMKN  |s A  |a 24  |w stu44898_0001